00597 a2200217 4500502002400000260001500024653001400039100002600053041000700079260003100086300001100117245003200128300002900160260001600189130000700205040001400212041000700226653003900233100008900272020001800361 aThèse de Doctorat aWageningen1 aAgronomie aVAN DER ZEE, P. Frank bEn bUniversité de Wageningen a142 p. aAnaerobic azo dye reduction bIll., Couv. ill. ; 24 cm c21 Mai 2002 lEn aSupport  bEn 1aNutrition et Sciences Alimentaires uAbomey-Calavi, Université d'Abomey-Calavi, Faculté des Sciences Agronomiques, Bj a90-5808-610-0